| 000 | 00439nam a2200181Ia 4500 | ||
|---|---|---|---|
| 008 | 230512s9999 xx 000 0 und d | ||
| 041 | _aeng | ||
| 082 | _a658.83 | ||
| 100 | _aMALHOTRA N/DASH S | ||
| 245 | _aMARKETING RESEARCH-AN APPLIED ORIENTATION | ||
| 250 | _a6 | ||
| 260 | _bPEARSON EDUCATION PVT. LTD. DELHI110092 | ||
| 300 | _a948 | ||
| 365 | _b719 | ||
| 500 | _aPaper Back | ||
| 520 | _aText Book | ||
| 650 | _aManagement | ||
| 999 |
_c410382 _d410382 |
||